header

Moose’s Big Idea / (Record no. 266110)

MARC details
000 -LEADER
fixed length control field 00228nam a22000977a 4500
020 ## - INTERNATIONAL STANDARD BOOK NUMBER
ISBN 0761452125
100 ## - MAIN ENTRY--AUTHOR NAME
Personal name Stephanie Greene
245 ## - TITLE STATEMENT
Title Moose’s Big Idea /
260 ## - PUBLICATION, DISTRIBUTION, ETC. (IMPRINT)
Place of publication New York :
Name of publisher Scholastic Press,
Year of publication 2005
942 ## - ADDED ENTRY ELEMENTS (KOHA)
Koha item type Long Loan Books
Holdings
Withdrawn status Lost status Collection code Home library Current library Shelving location Date acquired Accession Number Koha item type
    Fiction Rongo University Library Rongo University Library Children's Area 31/03/2026 CL20250228 Long Loan Books

© 2026 Rongo University
Contact us: librarian | system librarian | Rongo university